Library Banner

Selected writings (Record no. 82812)

MARC details
000 -LEADER
fixed length control field 00366nam a22001457a 4500
005 - DATE AND TIME OF LATEST TRANSACTION
control field 20160215124452.0
008 - FIXED-LENGTH DATA ELEMENTS--GENERAL INFORMATION
fixed length control field 160215b xxu||||| |||| 00| 0 eng d
040 ## - CATALOGING SOURCE
Transcribing agency PK-LaUMT
082 ## - DEWEY DECIMAL CLASSIFICATION NUMBER
Classification number AMC 959.7043
Item number PHA-S
100 ## - MAIN ENTRY--PERSONAL NAME
Personal name Pham van dong
245 ## - TITLE STATEMENT
Title Selected writings
Statement of responsibility, etc Pham van dong
260 ## - PUBLICATION, DISTRIBUTION, ETC. (IMPRINT)
Place of publication, distribution, etc Hanoi
Name of publisher, distributor, etc Foreign languages
Date of publication, distribution, etc 1977
300 ## - PHYSICAL DESCRIPTION
Extent 410 p.
942 ## - ADDED ENTRY ELEMENTS (KOHA)
Koha item type Books
Holdings
Withdrawn status Lost status Damaged status Home library Current library Date acquired Full call number Barcode Date last seen Price effective from Koha item type
      UMT Main Campus UMT Main Campus 2016-02-15 AMC 959.7043 PHA-S 85624 2016-02-15 2016-02-15 Books